000 00764nam a2200229Ia 4500
003 OSt
005 20250220084755.0
008 210716s2017 xx 000 0 und d
020 _a9789352136568
040 _cAIMIT LIBRARY
041 _aeng
082 _a006.671
_22
_bEISB
100 _aEisenman, Bonnie.
_9201410
245 _aLearning react native :
_bbuilding native mobile apps with javascript /
_cBy Bonnie Eisenman.
250 _a1st ed.
260 _aNew Delhi :
_bShroff Publications and Distributers Pvt Ltd ,
_c2017.
300 _axiii,225p. ;
_bPB
_c23.4 cm
650 _aBuilding your first applications
_9201411
650 _aComponents for mobile
_9201412
650 _aModules and native code
_9201413
942 _2ddc
_cBK
_e2nd
_k006.671 EISB
999 _c195937
_d195937